| 000 | 00970nam a2200265Ia 4500 | ||
|---|---|---|---|
| 001 | 16303 | ||
| 003 | GE_BSU | ||
| 008 | 181216s||||||||xx |||||||||||||| ||und|| | ||
| 020 | _a9789941100867 | ||
| 040 | _cGE_BSU | ||
| 080 | _a347.61/64(075.8) | ||
| 100 | _aშენგელია რომან, შენგელია ეკეტერინე. | ||
| 245 | _aსაოჯახო სამართალი:(თეორია და პრაქტიკა) | ||
| 245 | _bსახელმძღვ.სტუდ. | ||
| 245 | _cრედ:ჯონი ხეცურიანი, ლადო ჭანტურია. | ||
| 250 | _aმე-3 გამოცემა | ||
| 260 | _aთბილისი | ||
| 260 | _bმერიდიანი | ||
| 260 | _c2013. | ||
| 300 | _a484გვ;20სმ. | ||
| 541 | _h20ლ. | ||
| 653 | _aსამართალი | ||
| 653 | _aსაოჯახო სამართალი. | ||
| 942 | _cBK | ||
| 999 |
_c49384 _d49384 |
||